000 00475nam a2200205Ia 4500
005 20240823013211.0
008 240823s9999||||xx |||||||||||||| ||und||
020 _a81-7808-533-X
041 _aENGLISH
082 _A629.836 P1
100 _a"Astrom,karl J"
245 0 _aAdaptive Control
250 _a2nd
260 _c2001
_b"Pearson,"
500 _aYES
650 _aControl System
_bMechanical
700 _a" Wittenmrk,Bjorn"
942 _cBK
999 _c166565
_d166565